00234nam a22000857a 4500008004100000020002200041100002000063245005700083300000800140131217t xxu||||| |||| 00| 0 eng d a978-0-00-781547-0 aAgatha Christie aThe Mysterious Affair at StylesbPoirot's First Case a340